| 000 | 00498nam a22001817a 4500 | ||
|---|---|---|---|
| 003 | CEME | ||
| 005 | 20210628201741.0 | ||
| 008 | 210216b xxu||||| |||| 00| 0 eng d | ||
| 020 | _a81-203-1684-3 | ||
| 040 | _c. | ||
| 082 | _a004.21 LAP | ||
| 100 |
_aLaplante, Phillip.A _955695 |
||
| 245 | _aReal time systems design and analysis an engineer's handbook | ||
| 260 |
_aNEW DELHI _bPRENTICE HALL _c2001 |
||
| 300 | _aXXI,360P | ||
| 650 |
_aSYSTEMS DESIGN AND ANALYSIS _956656 |
||
| 942 |
_cBK _2ddc |
||
| 999 |
_c567030 _d567030 |
||